Learn english for science /
Gespeichert in:
| Hauptverfasser: | , |
|---|---|
| Format: | Buch |
| Sprache: | Englisch |
| Veröffentlicht: |
Essex :
Longman Group UK,
1977
|
| Ausgabe: | 1.vyd. |
| Schlagworte: | |
| Tags: |
Keine Tags, Fügen Sie das erste Tag hinzu!
|
MARC
| LEADER | 00000nam a22000003a 4500 | ||
|---|---|---|---|
| 001 | stu8692 | ||
| 005 | 20150617225806.7 | ||
| 008 | 960403s1977----uk------------------eng-d | ||
| 020 | |a 0-582-55247-8 | ||
| 040 | |a STU |b slo | ||
| 041 | 0 | |a eng | |
| 044 | |a uk | ||
| 080 | |a 802.0(075) | ||
| 100 | 1 | |a Bolitho, A.R |4 aut | |
| 245 | 1 | |a Learn english for science / |c [aut.] Bolitho,A.R.; Sandler,P.L | |
| 250 | |a 1.vyd. | ||
| 260 | |a Essex : |b Longman Group UK, |c 1977 | ||
| 300 | |a 108 s | ||
| 650 | 7 | |a angličtina |2 stusub | |
| 700 | 1 | |a Sandler, P.L |4 aut | |
| 996 | |b E80487 |c E*80487 |l EE18 |s P |a 0 |w stu8692_0001 | ||